000 00802nam a2200205 a 4500
001 000035073
005 20240301180539.0
008 111024s1960 mx 000 0 spa d
040 _aDO-SdBNP
_bspa
_cBNPHU
082 _a335.4
_bM741m
100 1 _aMondolfo, Rodolfo
_946962
245 1 0 _aMarx y marxismo :
_bestudios histórico-críticos /
_cRodolfo Mondolfo; los capítulos 1, 2 y 4 han sido traducidos del italiano por M. H. Alberti.
260 _aMéxico :
_bFondo de Cultura Ecónomica,
_c1960.
300 _a246 p. ;
_c23 cm.
590 _aPerteneció a la biblioteca personal de Juan Isidro Jimenes Grullón.
600 1 0 _aMarx, Karl,
_d1818-1883
_930439
650 4 _aComunismo
_xHistoria
_ySIGLO XIX
_960727
700 1 2 _aAlberti, M. H.
_etr.
_960728
910 _aValidado. Control de calidad MFF
999 _c34564
_d34564